000 00575nam a2200193Ia 4500
005 20250508152251.0
008 008 250505s9999 xx 000 0 eng d
037 _aTextual
040 _aFEDL
_beng
_cFEDL
041 _aeng
_2eng
084 _a511.07, MAR
_qFEDL
100 _aMarks John L
_9761108
245 0 _aTeaching arithmetic for understanding
260 _aNew York, USA
_bMcGraw-Hill Book Company
_c1958
300 _axiv,429p.
700 _a Purdy C Richard Kinney Lucien B
_9761109
942 _cTEXL
_h511.07, MAR
999 _c1335397
_d1335397